[Event "FRA-chT Top 16 Gp Basse"]
[Site "Evry"]
[Date "2008.05.31"]
[Round "10"]
[White "Santo Roman, Marc"]
[Black "Clery, Nicolas"]
[Result "0-1"]
[WhiteElo "2395"]
[BlackElo "2379"]
[PlyCount "104"]
[EventDate "2008.05.29"]
[EventType "team"]
[EventRounds "11"]
[EventCountry "FRA"]
[SourceTitle "CBM 124 Extra"]
[Source "ChessBase"]
[SourceDate "2008.07.03"]
[SourceVersion "1"]
[SourceVersionDate "2008.07.03"]
[SourceQuality "1"]

1. e4 e6 2. d4 d5 3. Nc3 Nf6 4. e5 Nfd7 5. f4 c5 6. Nf3 Nc6 7. Be3 Qb6 8. Na4 Qa5+ 9. c3 b6 10. Bd2 c4 11. b4 Qa6 12. g3 f5 13. exf6 gxf6 14. Bg2 b5 15. Nc5 Nxc5 16. dxc5 Bd7 17. 0-0 Qa3 18. f5 0-0-0 19. Nh4 e5 20. Bxd5 Bxc5+ 21. Kh1 Bb6 22. Qc2 Ne7 23. Be4 Rhg8 24. Rad1 Qa6 25. Bh6 Bc6 26. Bxc6 Nxc6 27. Qe4 Qb7 28. Nf3 Ne7 29. Qxb7+ Kxb7 30. Nd2 Rg4 31. Kg2 Ng8 32. h3 Nxh6 33. hxg4 Nxg4 34. Nxc4 Rxd1 35. Rxd1 bxc4 36. Rd7+ Kc6 37. Rxh7 Ne3+ 38. Kf3 Nxf5 39. Rf7 Kd5 40. Rxf6 e4+ 41. Kf4 Ne7 42. Rf7 Bc7+ 43. Ke3 Bb6+ 44. Kf4 Bc7+ 45. Ke3 Bd6 46. g4 Ke5 47. Kd2 Ke6 48. Rh7 Bf4+ 49. Ke1 Nd5 50. Rxa7 Nxc3 51. Ra8 e3 52. Re8+ Kd7 0-1

[Event "FRA-chT Top 16 Gp Basse"]
[Site "Evry"]
[Date "2008.05.30"]
[Round "9"]
[White "Schmitt, Andre"]
[Black "Santo Roman, Marc"]
[Result "1/2-1/2"]
[WhiteElo "2298"]
[BlackElo "2395"]
[PlyCount "99"]
[EventDate "2008.05.29"]
[EventType "team"]
[EventRounds "11"]
[EventCountry "FRA"]
[SourceTitle "CBM 124 Extra"]
[Source "ChessBase"]
[SourceDate "2008.07.03"]
[SourceVersion "1"]
[SourceVersionDate "2008.07.03"]
[SourceQuality "1"]

1. e4 c5 2. Nf3 Nc6 3. c3 e5 4. Bc4 Qc7 5. d3 Be7 6. Nbd2 Nf6 7. a4 0-0 8. Nf1 d6 9. Ne3 Be6 10. Qc2 h6 11. 0-0 Rad8 12. Nd5 Qd7 13. Rb1 Bg4 14. Nd2 Nxd5 15. Bxd5 Bg5 16. Nc4 Bxc1 17. Rfxc1 Be6 18. Ne3 Rc8 19. Rf1 Ne7 20. Qb3 Bxd5 21. Nxd5 Nxd5 22. Qxd5 Qc6 23. Qc4 Rfd8 24. f4 exf4 25. Rxf4 d5 26. exd5 Qxd5 27. Rd1 Rd7 28. Qxd5 Rxd5 29. Kf2 Rcd8 30. Ke3 f5 31. b4 g5 32. Rc4 cxb4 33. Rxb4 b6 34. Rb5 Kf7 35. d4 Kf6 36. g3 Re8+ 37. Kd3 Rxb5 38. axb5 f4 39. gxf4 gxf4 40. Ra1 Re7 41. c4 Re3+ 42. Kd2 Kf5 43. Rxa7 Ke4 44. d5 Kd4 45. Rf7 Re4 46. Rf6 Kxc4 47. Rxb6 h5 48. Rh6 Kxb5 49. Rxh5 Kc5 50. Rf5 1/2-1/2

[Event "FRA-chT Top 16 GpA"]
[Site "France"]
[Date "2008.03.22"]
[Round "1"]
[White "Marzolo, Cyril"]
[Black "Santo Roman, Marc"]
[Result "1/2-1/2"]
[WhiteElo "2474"]
[BlackElo "2395"]
[PlyCount "41"]
[EventDate "2008.03.22"]
[EventType "team"]
[EventRounds "7"]
[EventCountry "FRA"]
[SourceTitle "CBM 123 Extra"]
[Source "ChessBase"]
[SourceDate "2008.05.06"]
[SourceVersion "1"]
[SourceVersionDate "2008.05.06"]
[SourceQuality "1"]

1. d4 f5 2. c4 Nf6 3. Nc3 d6 4. Nf3 g6 5. g3 Bg7 6. Bg2 0-0 7. 0-0 Qe8 8. Nd5 Nxd5 9. cxd5 Qb5 10. Ng5 Na6 11. h4 c5 12. dxc6 bxc6 13. a4 Qb6 14. d5 c5 15. h5 h6 16. Ne6 Bxe6 17. dxe6 Rad8 18. a5 Qb5 19. e4 g5 20. Kh1 Qc4 21. exf5 1/2-1/2

[Event "Rochefort op 4th"]
[Site "Rochefort"]
[Date "2005.??.??"]
[Round "4"]
[White "Prie, Eric"]
[Black "Santo Roman, Marc"]
[Result "1-0"]
[WhiteElo "2439"]
[BlackElo "2410"]
[PlyCount "78"]
[EventDate "2005.02.16"]
[EventType "swiss"]
[EventRounds "7"]
[EventCountry "FRA"]
[SourceTitle "EXT 2006"]
[Source "ChessBase"]
[SourceDate "2005.11.24"]
[SourceVersion "1"]
[SourceVersionDate "2005.11.24"]
[SourceQuality "1"]

1. d4 f5 2. Bg5 g6 3. Nc3 Bg7 4. h4 h6 5. Bf4 Nf6 6. e3 d6 7. Qf3 Nbd7 8. 0-0-0 c6 9. e4 fxe4 10. Nxe4 0-0 11. Qb3+ d5 12. Nxf6+ Nxf6 13. f3 Ne4 14. fxe4 Rxf4 15. exd5 cxd5 16. Ne2 Re4 17. Nc3 Rxd4 18. Rxd4 Bxd4 19. Nxd5 Kg7 20. Qc4 e5 21. Bd3 Be6 22. Be4 Rc8 23. Qb3 Qd7 24. Rf1 Rf8 25. Rxf8 Kxf8 26. Qf3+ Qf7 27. Nc7 Bf5 28. Bxf5 Qxf5 29. Ne6+ Ke7 30. Nxd4 exd4 31. Qxb7+ Kf8 32. Qb8+ Ke7 33. Qxa7+ Ke6 34. Qb6+ Ke7 35. Qc7+ Ke8 36. Qg3 Qf1+ 37. Kd2 Qf5 38. Qb8+ Ke7 39. Qa7+ Ke8 1-0

[Event "St Chely d'Aubrac op 4th"]
[Site "St Chely d'Aubrac"]
[Date "2004.07.18"]
[Round "2"]
[White "Hennemann, Xavier"]
[Black "Santo Roman, Marc"]
[Result "1-0"]
[WhiteElo "2104"]
[BlackElo "2403"]
[PlyCount "64"]
[EventDate "2004.07.17"]
[EventType "swiss"]
[EventRounds "9"]
[EventCountry "FRA"]
[SourceTitle "CBM 101 Extra"]
[Source "ChessBase"]
[SourceDate "2004.09.01"]
[SourceVersion "2"]
[SourceVersionDate "2004.09.01"]
[SourceQuality "1"]

1. e4 c5 2. Nf3 e6 3. d4 cxd4 4. Nxd4 Qb6 5. Nb3 Qc7 6. Nc3 a6 7. Bd3 b5 8. Be3 Nf6 9. f4 Bb7 10. Qf3 d5 11. exd5 Nbd7 12. Qe2 Nxd5 13. Nxd5 Bxd5 14. a4 Bb4+ 15. Nd2 0-0 16. axb5 axb5 17. 0-0 Rxa1 18. Rxa1 Bc5 19. Qf2 Rb8 20. Ne4 Bxe3 21. Qxe3 b4 22. Ra7 Qc6 23. Qd4 h6 24. g3 f5 25. Nf2 Nf6 26. h3 b3 27. c4 Rb4 28. Qc3 Rxc4 29. Bxc4 Bxc4 30. Qa5 Bd5 31. Qd8+ Ne8 32. Re7 Kh7 1-0

[Event "St Chely d'Aubrac op 4th"]
[Site "St Chely d'Aubrac"]
[Date "2004.07.17"]
[Round "1"]
[White "Santo Roman, Marc"]
[Black "Rabier, Jean"]
[Result "1-0"]
[WhiteElo "2403"]
[BlackElo "1870"]
[PlyCount "27"]
[EventDate "2004.07.17"]
[EventType "swiss"]
[EventRounds "9"]
[EventCountry "FRA"]
[SourceTitle "CBM 101 Extra"]
[Source "ChessBase"]
[SourceDate "2004.09.01"]
[SourceVersion "2"]
[SourceVersionDate "2004.09.01"]
[SourceQuality "1"]

1. e4 c5 2. Nf3 e6 3. d4 cxd4 4. Nxd4 a6 5. Bd3 g6 6. f4 d6 7. 0-0 Bg7 8. c3 Ne7 9. f5 Nec6 10. fxe6 Nxd4 11. exf7+ Kf8 12. cxd4 Bxd4+ 13. Kh1 Be5 14. Bh6+ 1-0

[Event "FRA-chT Poule Haute"]
[Site "Belfort"]
[Date "2004.05.10"]
[Round "10"]
[White "Bujisho, Benjamin"]
[Black "Santo Roman, Marc"]
[Result "1-0"]
[WhiteElo "2385"]
[BlackElo "2394"]
[PlyCount "137"]
[EventDate "2004.05.08"]
[EventType "team-tourn"]
[EventRounds "4"]
[EventCountry "FRA"]
[SourceTitle "EXT 2005"]
[Source "ChessBase"]
[SourceDate "2004.11.15"]
[SourceVersion "1"]
[SourceVersionDate "2004.11.15"]
[SourceQuality "1"]
[WhiteTeam "Nice"]
[BlackTeam "Montpellier"]
[WhiteTeamCountry "FRA"]
[BlackTeamCountry "FRA"]

1. e4 Nf6 2. e5 Nd5 3. d4 d6 4. c4 Nb6 5. exd6 cxd6 6. Nc3 g6 7. Be3 Bg7 8. Rc1 0-0 9. b3 e5 10. dxe5 dxe5 11. Qxd8 Rxd8 12. c5 N6d7 13. Bc4 Nc6 14. Nf3 Na5 15. Bd5 Nf6 16. Bg5 Bf5 17. Bxf6 Bxf6 18. 0-0 Rac8 19. Be4 Be6 20. b4 Nc6 21. a3 Bg7 22. Nb5 f5 23. Bb1 e4 24. Ng5 Bb3 25. Nd6 Rc7 26. Bc2 Bxc2 27. Rxc2 Nd4 28. Rd2 h6 29. Rxd4 hxg5 30. Rd5 Rcd7 31. Rfd1 Bf8 32. g4 Bxd6 33. cxd6 f4 34. Rxg5 Kf7 35. Re5 Rxd6 36. Rxd6 Rxd6 37. Rxe4 g5 38. h4 Kf6 39. h5 Ra6 40. Re8 Rxa3 41. Rf8+ Kg7 42. Rf5 Kh6 43. Rf6+ Kh7 44. Rf7+ Kh6 45. Rxb7 a5 46. Rb6+ Kh7 47. bxa5 Rxa5 48. Rf6 Ra3 49. Kg2 Rb3 50. Rg6 Rb5 51. Kf3 Re5 52. Rf6 Re1 53. Ra6 Re7 54. Ra5 Kh6 55. Ra4 Re6 56. Re4 Ra6 57. Re8 Ra4 58. Re6+ Kh7 59. Rg6 Ra5 60. Ke4 Rb5 61. Rd6 Rb2 62. f3 Rb4+ 63. Rd4 Rb3 64. Rd5 Kh6 65. Kf5 Rxf3 66. Rd6+ Kg7 67. Kxg5 Rf1 68. h6+ Kf7 69. h7 1-0

[Event "Rochefort op 3rd"]
[Site "Rochefort"]
[Date "2004.02.26"]
[Round "7"]
[White "Julian, Stephane"]
[Black "Santo Roman, Marc"]
[Result "0-1"]
[WhiteElo "2160"]
[BlackElo "2394"]
[PlyCount "132"]
[EventDate "2004.02.21"]
[EventType "swiss"]
[EventRounds "7"]
[EventCountry "FRA"]
[SourceTitle "EXT 2005"]
[Source "ChessBase"]
[SourceDate "2004.11.15"]
[SourceVersion "1"]
[SourceVersionDate "2004.11.15"]
[SourceQuality "1"]

1. e4 c5 2. Nf3 e6 3. d3 d5 4. Nbd2 Nc6 5. g3 Bd6 6. Bg2 Nge7 7. 0-0 0-0 8. Re1 f6 9. c3 Qb6 10. a3 a5 11. a4 Bd7 12. Qe2 Rad8 13. Nb1 Be8 14. Na3 Bh5 15. Qc2 Bb8 16. exd5 exd5 17. Bd2 Ng6 18. Rab1 Nge5 19. Nh4 g5 20. Nf5 Bg6 21. g4 Nxg4 22. Ne3 Bxh2+ 23. Kf1 Nxe3+ 24. Bxe3 d4 25. cxd4 Nxd4 26. Bxd4 Rxd4 27. Be4 Bxe4 28. Rxe4 Rfd8 29. Nc4 Qc7 30. Rbe1 Rxe4 31. dxe4 Be5 32. Rd1 Bd4 33. e5 Bxe5 34. Rxd8+ Qxd8 35. Nxe5 fxe5 36. Qxc5 b6 37. Qxe5 h6 38. Qe6+ Kg7 39. Qe5+ Qf6 40. Qc7+ Kg6 41. Qc2+ Kh5 42. Qb3 Qd6 43. Qh3+ Kg6 44. Qb3 h5 45. Qg8+ Kf5 46. Qh7+ Qg6 47. Qd7+ Qe6 48. Qd3+ Kf6 49. Qd4+ Kg6 50. Qd3+ Kh6 51. Qd4 h4 52. Kg2 Kg6 53. Qd3+ Qf5 54. Qd4 Qc5 55. Qd7 Kf6 56. Qd8+ Kf5 57. Qd7+ Ke4 58. b3 Qd5 59. f3+ Kd4 60. Qg7+ Qe5 61. Qd7+ Ke3 62. Qg4 Qd5 63. Qh5 Qd2+ 64. Kh3 Kf2 65. Qg6 Qd7+ 66. Kh2 Qc7+ 0-1

[Event "Rochefort op 3rd"]
[Site "Rochefort"]
[Date "2004.02.22"]
[Round "2"]
[White "Santo Roman, Marc"]
[Black "Dumont, Gilles"]
[Result "1-0"]
[WhiteElo "2394"]
[BlackElo "1967"]
[PlyCount "69"]
[EventDate "2004.02.21"]
[EventType "swiss"]
[EventRounds "7"]
[EventCountry "FRA"]
[SourceTitle "EXT 2005"]
[Source "ChessBase"]
[SourceDate "2004.11.15"]
[SourceVersion "1"]
[SourceVersionDate "2004.11.15"]
[SourceQuality "1"]

1. e4 e5 2. Nf3 Nc6 3. d4 exd4 4. Nxd4 Nf6 5. Nxc6 bxc6 6. e5 Qe7 7. Qe2 Nd5 8. c4 Ba6 9. b3 g6 10. Bb2 Bg7 11. Nd2 0-0 12. 0-0-0 Rfe8 13. Nf3 Nb6 14. Qd2 Bb7 15. g3 Rad8 16. Bg2 d5 17. exd6 cxd6 18. Rhe1 Bxb2+ 19. Kxb2 Qf6+ 20. Qc3 Qxc3+ 21. Kxc3 d5 22. Rxe8+ Rxe8 23. Re1 Rxe1 24. Nxe1 Kf8 25. cxd5 cxd5 26. Kd4 Ke7 27. Nc2 Kd6 28. Ne3 Bc6 29. g4 f6 30. h4 a5 31. g5 f5 32. Bf3 Bb7 33. h5 Ke6 34. hxg6 hxg6 35. Ng2 1-0

[Event "FRA-chT Gp-B"]
[Site "France"]
[Date "2004.01.31"]
[Round "2"]
[White "Santo Roman, Marc"]
[Black "Anic, Darko"]
[Result "0-1"]
[WhiteElo "2394"]
[BlackElo "2454"]
[PlyCount "80"]
[EventDate "2004.01.30"]
[EventType "team"]
[EventRounds "7"]
[EventCountry "FRA"]
[SourceTitle "CBM 098 Extra"]
[Source "ChessBase"]
[SourceDate "2004.03.10"]
[SourceVersion "2"]
[SourceVersionDate "2004.03.10"]
[SourceQuality "1"]
[WhiteTeam "Montpellier"]
[BlackTeam "Cannes"]
[WhiteTeamCountry "FRA"]
[BlackTeamCountry "FRA"]

1. e4 e5 2. Nf3 Nc6 3. d4 exd4 4. Nxd4 Bc5 5. Nxc6 Qf6 6. Qd2 bxc6 7. Nc3 Qg6 8. f3 Ne7 9. Na4 Bd6 10. Qd4 Bxh2 11. Be3 Bg3+ 12. Bf2 Bxf2+ 13. Kxf2 d6 14. Bd3 Qg5 15. Rae1 h5 16. e5 h4 17. exd6 Qg3+ 18. Kf1 cxd6 19. Qe3 Be6 20. Rh3 Nd5 21. Qd4 Qg5 22. Re4 Kd7 23. Rhxh4 Rxh4 24. Rxh4 Ne3+ 25. Kf2 Nxg2 26. Rh7 Nf4 27. Bf1 Qg6 28. Rxg7 Qxc2+ 29. Kg1 Qc1 30. Kf2 c5 31. Qe4 Rb8 32. b3 Qd2+ 33. Kg1 Rb4 34. Qa8 Qd4+ 35. Kh1 Qxg7 36. Qxa7+ Ke8 37. Qa8+ Ke7 38. Qa7+ Kf6 39. Qc7 Qh6+ 40. Kg1 Qg7+ 0-1

[Event "Paris NAO GM 3rd"]
[Site "Paris"]
[Date "2003.12.20"]
[Round "6"]
[White "Vandevoort, Pascal"]
[Black "Santo Roman, Marc"]
[Result "1/2-1/2"]
[WhiteElo "2363"]
[BlackElo "2385"]
[PlyCount "70"]
[EventDate "2003.12.15"]
[EventType "tourn"]
[EventRounds "9"]
[EventCountry "FRA"]
[EventCategory "9"]
[SourceTitle "CBM 099"]
[Source "ChessBase"]
[SourceDate "2004.03.30"]
[SourceVersion "1"]
[SourceVersionDate "2004.03.30"]
[SourceQuality "1"]

1. d4 f5 2. f3 Nf6 3. e4 fxe4 4. fxe4 Nxe4 5. Bd3 d5 6. Nf3 Nc6 7. 0-0 Bg4 8. c3 Qd7 9. Nbd2 Nxd2 10. Bxd2 0-0-0 11. b4 Bxf3 12. Rxf3 Re8 13. a4 e6 14. a5 Bd6 15. a6 Nb8 16. axb7+ Kxb7 17. b5 Rhf8 18. Qa4 Rxf3 19. Qxa7+ Kc8 20. gxf3 e5 21. b6 c6 22. Qa8 e4 23. Ra7 Qf5 24. Ba6+ Kd8 25. Rb7 e3 26. Be1 Qg5+ 27. Kh1 Qf4 28. Bg3 Qxf3+ 29. Kg1 Bxg3 30. hxg3 Qxg3+ 31. Kh1 Qh3+ 32. Kg1 Qg3+ 33. Kh1 Qe1+ 34. Kh2 Qf2+ 35. Kh1 Qf3+ 1/2-1/2

[Event "Paris NAO GM 3rd"]
[Site "Paris"]
[Date "2003.12.18"]
[Round "4"]
[White "Maze, Sebastien"]
[Black "Santo Roman, Marc"]
[Result "1-0"]
[WhiteElo "2464"]
[BlackElo "2385"]
[PlyCount "77"]
[EventDate "2003.12.15"]
[EventType "tourn"]
[EventRounds "9"]
[EventCountry "FRA"]
[EventCategory "9"]
[SourceTitle "CBM 099"]
[Source "ChessBase"]
[SourceDate "2004.03.30"]
[SourceVersion "1"]
[SourceVersionDate "2004.03.30"]
[SourceQuality "1"]

1. Nf3 f5 2. d3 Nf6 3. Bg5 d5 4. Bxf6 exf6 5. g3 Bd6 6. e3 Qe7 7. Nc3 c6 8. Ne2 Nd7 9. d4 Nb6 10. Bg2 Be6 11. a4 Bc7 12. b3 Nc8 13. c3 Nd6 14. Qc2 g5 15. h4 0-0-0 16. hxg5 fxg5 17. Ne5 Nf7 18. f4 Nd6 19. 0-0-0 Qg7 20. Rh5 h6 21. Rdh1 Rdf8 22. Kb2 Kb8 23. b4 Ne4 24. Bxe4 fxe4 25. Nc1 Bxe5 26. dxe5 Bg4 27. R5h2 Bf3 28. Rf1 h5 29. Nb3 h4 30. Qf2 hxg3 31. Qxg3 Rxh2+ 32. Qxh2 gxf4 33. exf4 Qf7 34. Nc5 Qxf4 35. Qxf4 Rxf4 36. e6 Rh4 37. e7 Bh5 38. Rf8+ Kc7 39. Rh8 1-0

[Event "Cap d'Agde op"]
[Site "Cap d'Agde"]
[Date "2003.10.28"]
[Round "7"]
[White "Fontaine, Robert"]
[Black "Santo Roman, Marc"]
[Result "1-0"]
[WhiteElo "2526"]
[BlackElo "2385"]
[PlyCount "67"]
[EventDate "2003.10.23"]
[EventType "swiss"]
[EventRounds "9"]
[EventCountry "FRA"]
[SourceTitle "EXT 2004"]
[Source "ChessBase"]
[SourceDate "2003.11.25"]
[SourceVersion "1"]
[SourceVersionDate "2003.11.25"]
[SourceQuality "1"]

1. e4 Nf6 2. e5 Nd5 3. d4 d6 4. c4 Nb6 5. f4 Bf5 6. Nc3 dxe5 7. fxe5 e6 8. Be3 Bb4 9. Nf3 c5 10. Qb3 Nc6 11. dxc5 Nd7 12. 0-0-0 0-0 13. Bd3 Bxd3 14. Rxd3 Bxc5 15. Bf4 Qe7 16. Ne4 Bb6 17. Bg5 Qe8 18. Bf6 Na5 19. Qd1 Nxf6 20. exf6 Nxc4 21. fxg7 Kxg7 22. Nfg5 Be3+ 23. Kb1 Bxg5 24. Nxg5 Qb5 25. Rb3 Qf5+ 26. Ka1 Rad8 27. Qe2 Nd2 28. Rg3 Kh8 29. a3 Rg8 30. h4 Rg7 31. Rd1 Qd5 32. Nxf7+ Kg8 33. Rxg7+ Kxg7 34. Nxd8 1-0

[Event "Montpellier op"]
[Site "Montpellier"]
[Date "2003.07.13"]
[Round "7"]
[White "Miralles, Gilles"]
[Black "Santo Roman, Marc"]
[Result "1/2-1/2"]
[WhiteElo "2463"]
[BlackElo "2381"]
[PlyCount "56"]
[EventDate "2003.07.07"]
[EventType "swiss"]
[EventRounds "9"]
[EventCountry "FRA"]
[SourceTitle "CBM 095 Extra"]
[Source "ChessBase"]
[SourceDate "2003.09.04"]
[SourceVersion "1"]
[SourceVersionDate "2003.09.04"]
[SourceQuality "1"]

1. e4 Nf6 2. e5 Nd5 3. c4 Nb6 4. c5 Nd5 5. Bc4 e6 6. Nc3 Nxc3 7. dxc3 Nc6 8. Bf4 Bxc5 9. Qg4 g5 10. Bxg5 Rg8 11. Bxd8 Rxg4 12. Be2 Rxg2 13. Bxc7 b5 14. Nh3 Bb7 15. Bf3 Rg8 16. Ke2 Rc8 17. Bd6 Bxd6 18. exd6 Na5 19. Rhg1 Bxf3+ 20. Kxf3 Rg6 21. Nf4 Rxg1 22. Rxg1 Kf8 23. Rg5 a6 24. a4 f5 25. axb5 axb5 26. Nh5 Rc6 27. Rg7 Rxd6 28. Rxh7 Nc4 1/2-1/2

[Event "Montpellier op"]
[Site "Montpellier"]
[Date "2003.07.08"]
[Round "2"]
[White "Santo Roman, Marc"]
[Black "Kosten, Anthony C"]
[Result "1/2-1/2"]
[WhiteElo "2381"]
[BlackElo "2514"]
[PlyCount "81"]
[EventDate "2003.07.07"]
[EventType "swiss"]
[EventRounds "9"]
[EventCountry "FRA"]
[SourceTitle "CBM 095 Extra"]
[Source "ChessBase"]
[SourceDate "2003.09.04"]
[SourceVersion "1"]
[SourceVersionDate "2003.09.04"]
[SourceQuality "1"]

1. e4 e6 2. d4 d5 3. Nc3 Nf6 4. e5 Nfd7 5. f4 c5 6. Nf3 a6 7. Be3 Qb6 8. Na4 Qa5+ 9. c3 cxd4 10. b4 Qc7 11. Qxd4 Nc6 12. Qd2 b5 13. Nb2 f6 14. a4 bxa4 15. Nxa4 fxe5 16. Ng5 Qd6 17. fxe5 Ncxe5 18. Be2 h6 19. Nh3 Nc4 20. Bxc4 dxc4 21. Qe2 Qe5 22. Nf4 Bxb4 23. Rc1 Ba3 24. Ng6 Qf5 25. Nxh8 Ne5 26. Rd1 Nd3+ 27. Rxd3 cxd3 28. Qf2 Bb7 29. 0-0 Qxf2+ 30. Rxf2 Bc6 31. Nc5 0-0-0 32. Nxe6 Rxh8 33. Ra2 Re8 34. Rxa3 Rxe6 35. Rxa6 Rg6 36. g3 Rf6 37. Ra2 g5 38. Rf2 Bf3 39. Kf1 g4 40. Ke1 Ra6 41. Kd2 1/2-1/2

[Event "FRA-chT Poule Haute"]
[Site "France"]
[Date "2003.05.08"]
[Round "9.7"]
[White "Fressinet, Laurent"]
[Black "Santo Roman, Marc"]
[Result "1-0"]
[WhiteElo "2593"]
[BlackElo "2382"]
[PlyCount "67"]
[EventDate "2003.05.07"]
[EventType "team-tourn"]
[EventRounds "4"]
[EventCountry "FRA"]
[SourceTitle "CBM 095"]
[Source "ChessBase"]
[SourceDate "2003.07.25"]
[SourceVersion "1"]
[SourceVersionDate "2003.07.25"]
[SourceQuality "1"]
[WhiteTeam "Paris NAO"]
[BlackTeam "Montpellier"]
[WhiteTeamCountry "FRA"]
[BlackTeamCountry "FRA"]

1. e4 c5 2. Nf3 e6 3. Nc3 a6 4. d4 cxd4 5. Nxd4 b5 6. Bd3 Qb6 7. Nf3 Qc7 8. 0-0 Bb7 9. Re1 Nf6 10. Bg5 Nc6 11. Qd2 d6 12. a4 b4 13. Bxf6 gxf6 14. Na2 Qa5 15. c3 bxc3 16. bxc3 Bg7 17. Rab1 Qc7 18. Qe3 Bc8 19. Qb6 Qxb6 20. Rxb6 Kd7 21. Nb4 Nb8 22. a5 Bf8 23. e5 d5 24. exf6 Bc5 25. Ne5+ Kc7 26. Rb1 Rf8 27. Bxh7 Bxb6 28. axb6+ Kd6 29. Nbd3 Bb7 30. c4 dxc4 31. Nxc4+ Kd7 32. Nde5+ Kd8 33. Nd6 Bd5 34. Ndxf7+ 1-0

[Event "Plancoet op 2nd"]
[Site "Plancoet"]
[Date "2002.07.31"]
[Round "6.2"]
[White "Mevel, Alberic"]
[Black "Santo Roman, Marc"]
[Result "1/2-1/2"]
[WhiteElo "2249"]
[BlackElo "2418"]
[PlyCount "109"]
[EventDate "2002.07.23"]
[EventType "swiss"]
[EventRounds "9"]
[EventCountry "FRA"]
[SourceTitle "EXT 2003"]
[Source "ChessBase"]
[SourceDate "2002.11.25"]
[SourceVersion "1"]
[SourceVersionDate "2002.11.25"]
[SourceQuality "1"]

1. e4 c5 2. c3 g6 3. d4 cxd4 4. cxd4 d5 5. exd5 Nf6 6. Nc3 Bg7 7. Qb3 0-0 8. Be2 Na6 9. Bf3 Qb6 10. Nge2 Qxb3 11. axb3 Nb4 12. 0-0 Rd8 13. Ra5 a6 14. Bf4 Bg4 15. Bxg4 Nxg4 16. Rfa1 Nf6 17. d6 exd6 18. Bg5 h6 19. Bxf6 Bxf6 20. R5a4 Nc2 21. Rc1 b5 22. Nxb5 axb5 23. Rxa8 Rxa8 24. Rxc2 Ra1+ 25. Rc1 Rxc1+ 26. Nxc1 Bxd4 27. Nd3 f5 28. Kf1 Kf7 29. Ke2 g5 30. h3 h5 31. f3 f4 32. h4 gxh4 33. Nxf4 Be5 34. Nd3 Kf6 35. Ke3 Kf5 36. b4 Bf6 37. b3 Bc3 38. Ke2 Bd4 39. Kd2 Kg5 40. Ke2 h3 41. gxh3 Kh4 42. Nf4 Bg1 43. Kf1 Bh2 44. Nd5 Kxh3 45. Nc3 Be5 46. Nxb5 d5 47. Na7 Kg3 48. Nc6 Bd6 49. Kg1 Kxf3 50. b5 h4 51. Kh1 Bc7 52. Nb4 d4 53. Nc2 d3 54. Ne1+ Ke2 55. Nxd3 1/2-1/2

[Event "Plancoet op 2nd"]
[Site "Plancoet"]
[Date "2002.07.28"]
[Round "2.2"]
[White "Le Corre, Patrick"]
[Black "Santo Roman, Marc"]
[Result "0-1"]
[WhiteElo "1980"]
[BlackElo "2418"]
[PlyCount "82"]
[EventDate "2002.07.23"]
[EventType "swiss"]
[EventRounds "9"]
[EventCountry "FRA"]
[SourceTitle "EXT 2003"]
[Source "ChessBase"]
[SourceDate "2002.11.25"]
[SourceVersion "1"]
[SourceVersionDate "2002.11.25"]
[SourceQuality "1"]

1. e4 c5 2. Nf3 e6 3. d4 cxd4 4. Nxd4 Qb6 5. Nb3 Qc7 6. Be3 Nf6 7. Bd3 d5 8. N1d2 Bd6 9. h3 Nbd7 10. 0-0 0-0 11. Nd4 a6 12. exd5 Nxd5 13. Ne4 Bf4 14. Bxf4 Nxf4 15. Qf3 Nxd3 16. Qxd3 b6 17. Rad1 Bb7 18. Ng5 Nf6 19. c3 h6 20. Ngxe6 fxe6 21. Nxe6 Qc6 22. Nf4 Rae8 23. f3 Qc5+ 24. Qd4 Qxd4+ 25. Rxd4 g5 26. Nd3 Re6 27. Nc1 Rfe8 28. Kf2 Kf7 29. Rfd1 Bc6 30. b3 R8e7 31. c4 Rd7 32. Rxd7+ Nxd7 33. Ne2 Nf6 34. Nc3 Ke7 35. Rd3 Nd7 36. Rd1 Nf6 37. Rd3 Nh5 38. Ne2 Rd6 39. Re3+ Kf6 40. Ke1 Nf4 41. Ng3 Nxg2+ 0-1

[Event "Condom op 1st"]
[Site "Condom"]
[Date "2002.07.18"]
[Round "8"]
[White "Santo Roman, Marc"]
[Black "Khamrakulov, Ibragim S"]
[Result "0-1"]
[WhiteElo "2418"]
[BlackElo "2474"]
[PlyCount "67"]
[EventDate "2002.07.13"]
[EventType "swiss"]
[EventRounds "9"]
[EventCountry "FRA"]
[SourceTitle "CBM 089 Extra"]
[Source "ChessBase"]
[SourceDate "2002.09.10"]
[SourceVersion "2"]
[SourceVersionDate "2002.09.10"]
[SourceQuality "1"]

1. e4 c5 2. Nf3 e6 3. d4 cxd4 4. Nxd4 a6 5. Bd3 Nc6 6. Nxc6 bxc6 7. 0-0 d5 8. Nd2 Qc7 9. Re1 Nf6 10. c4 Be7 11. h3 Bb7 12. Qc2 d4 13. e5 Nd7 14. Nf3 c5 15. Be4 h6 16. Bf4 a5 17. Rad1 Bxe4 18. Qxe4 Rb8 19. Bc1 Qb7 20. Qg4 g6 21. Re2 Qa6 22. Rc2 Rb4 23. Qe4 Qb7 24. Qd3 a4 25. Re1 Bf8 26. h4 Bg7 27. Re4 Qc7 28. Rce2 Qb7 29. h5 g5 30. Rg4 Qb8 31. Rge4 Qb7 32. Kh1 Kd8 33. Nd2 Qb8 34. Qg3 0-1

[Event "Condom op 1st"]
[Site "Condom"]
[Date "2002.07.15"]
[Round "4"]
[White "Santo Roman, Marc"]
[Black "Belkhodja, Slim"]
[Result "1-0"]
[WhiteElo "2418"]
[BlackElo "2505"]
[PlyCount "86"]
[EventDate "2002.07.13"]
[EventType "swiss"]
[EventRounds "9"]
[EventCountry "FRA"]
[SourceTitle "CBM 089 Extra"]
[Source "ChessBase"]
[SourceDate "2002.09.10"]
[SourceVersion "2"]
[SourceVersionDate "2002.09.10"]
[SourceQuality "1"]

1. e4 c5 2. Nf3 e6 3. d4 cxd4 4. Nxd4 Nc6 5. Nb5 d6 6. c4 Nf6 7. N5c3 Be7 8. Be2 0-0 9. 0-0 b6 10. Bf4 Bb7 11. Nd2 Nd4 12. Bd3 Nd7 13. Re1 Ne5 14. Bf1 Bg5 15. Be3 Bxe3 16. Rxe3 f5 17. exf5 Nxf5 18. Rh3 Qg5 19. Nde4 Bxe4 20. Nxe4 Qf4 21. Qe2 d5 22. cxd5 exd5 23. Nc3 Rad8 24. Rd1 d4 25. Qe4 Qxe4 26. Nxe4 Rfe8 27. Rh5 g6 28. Rxf5 gxf5 29. Nf6+ Kf7 30. Nxe8 Rxe8 31. Rxd4 Rc8 32. f4 Ng4 33. Bc4+ Ke7 34. h3 b5 35. hxg4 bxc4 36. gxf5 h5 37. Kh2 Kf6 38. g3 Kxf5 39. Kh3 c3 40. bxc3 Rxc3 41. Ra4 Rc7 42. Ra5+ Ke4 43. Kh4 Rc3 1-0

[Event "Condom op 1st"]
[Site "Condom"]
[Date "2002.07.14"]
[Round "3"]
[White "Lemoine, Benoit"]
[Black "Santo Roman, Marc"]
[Result "0-1"]
[WhiteElo "2128"]
[BlackElo "2418"]
[PlyCount "88"]
[EventDate "2002.07.13"]
[EventType "swiss"]
[EventRounds "9"]
[EventCountry "FRA"]
[SourceTitle "CBM 089 Extra"]
[Source "ChessBase"]
[SourceDate "2002.09.10"]
[SourceVersion "2"]
[SourceVersionDate "2002.09.10"]
[SourceQuality "1"]

1. e4 c5 2. Nf3 e6 3. d4 cxd4 4. Nxd4 Qb6 5. Nc3 Bc5 6. Na4 Qa5+ 7. c3 Be7 8. a3 Nc6 9. b4 Qc7 10. f4 Nxd4 11. Qxd4 d6 12. Be3 Bd7 13. b5 Nf6 14. Be2 e5 15. Qd3 exf4 16. Bxf4 a6 17. c4 axb5 18. Nb2 b4 19. a4 Bc6 20. Bf3 Nd7 21. c5 Nxc5 22. Qc2 Ne6 23. Bg3 Nd4 24. Qd3 Nxf3+ 25. gxf3 0-0 26. 0-0 b5 27. axb5 Qb6+ 28. Bf2 Qxb5 29. Qd2 Ra3 30. Rac1 Rxf3 31. Rc4 d5 32. Rxc6 Qxc6 33. exd5 Qc3 34. Qxc3 bxc3 35. Nc4 Rd3 36. Rc1 Rc8 37. Nb6 Rd8 38. Kf1 Bg5 39. Rc2 Be3 40. Ke2 Bxf2 41. Kxf2 Rd2+ 42. Rxd2 cxd2 43. Ke2 Rd6 44. Nc8 d1Q+ 0-1